[Event "15th European Club Cup Women"]
[Site "Plovdiv BUL"]
[Date "2010.10.23"]
[Round "7"]
[White "Harika, Dronavalli"]
[Black "Videnova, Iva"]
[Result "1-0"]
[WhiteTitle "IM"]
[BlackTitle "WIM"]
[WhiteElo "2515"]
[BlackElo "2283"]
[Board "3.2"]
[WhiteTeam "MIKA Yerevan"]
[BlackTeam "Lokomotiv 2000"]
[WhiteFideId "5015197"]
[BlackFideId "2907763"]
[EventType "team"]

1. d4 Nf6 2. Nf3 e6 3. c4 b6 4. g3 Ba6 5. Qa4 Bb7 6. Bg2 g6 7. Nc3 Ne4 8. Qc2
Nxc3 9. bxc3 Bg7 10. O-O O-O 11. a4 Nc6 12. Nd2 e5 13. e3 Re8 14. Nb3 Ba6 15.
Bd5 Rb8 16. a5 b5 17. Nc5 Qc8 18. Nxa6 Qxa6 19. cxb5 Qxb5 20. Qa2 Nd8 21. Bc4
Qc6 22. d5 Qf6 23. e4 Nb7 24. Be3 Ra8 25. Be2 Bf8 26. Qc4 Qd8 27. a6 Nd6 28. Qd3
f5 29. f3 Be7 30. c4 Bg5 31. Bf2 f4 32. Rab1 Nc8 33. c5 d6 34. Qb3 dxc5 35. d6+
Kh8 36. dxc7 1-0

[Event "15th European Club Cup Women"]
[Site "Plovdiv BUL"]
[Date "2010.10.23"]
[Round "7"]
[White "Galojan, Lilit"]
[Black "Janeva, Mariya"]
[Result "1-0"]
[WhiteTitle "IM"]
[WhiteElo "2373"]
[BlackElo "2042"]
[Board "3.4"]
[WhiteTeam "MIKA Yerevan"]
[BlackTeam "Lokomotiv 2000"]
[WhiteFideId "13301314"]
[BlackFideId "2906554"]
[EventType "team"]

1. d4 Nf6 2. c4 e6 3. Nf3 b6 4. g3 Ba6 5. b3 c6 6. Bg2 d5 7. Ne5 Nfd7 8. Nxd7
Nxd7 9. Nd2 Nf6 10. O-O Be7 11. Re1 O-O 12. e4 dxe4 13. Nxe4 Nxe4 14. Bxe4 Rc8
15. Qc2 h6 16. Bb2 Bf6 17. Rad1 Qc7 18. f4 g6 19. h4 h5 20. Qe2 c5 21. d5 exd5
22. Bxd5 Bxb2 23. Qxb2 Bb7 24. Qf6 Bxd5 25. cxd5 Qd8 26. Re7 Rc7 27. d6 Rxe7 28.
Qxe7 Re8 29. Qb7 Qf6 30. d7 Rd8 31. Qe4 Kf8 32. Qd3 Qe7 33. Kf2 Qe6 34. Rd2 Qh3
35. Kg1 Qg4 36. Kg2 Qe6 37. Kf2 Qh3 38. Kg1 Qg4 39. Qd6+ Kg7 40. Kf2 Qh3 41.
Qe5+ Kh7 42. Qe7 Qh2+ 43. Ke1 Qxg3+ 44. Kd1 Qg1+ 45. Kc2 Qa1 46. Qxd8 Qxa2+ 47.
Kc3 Qa1+ 48. Kc4 Qc1+ 49. Kb5 Qxd2 50. Qe7 Qd3+ 51. Kc6 Qf3+ 52. Kc7 Qxf4+ 53.
Qd6 Qxh4 54. d8=Q Qxd8+ 55. Kxd8 Kh6 56. Qf4+ 1-0

[Event "15th European Club Cup Women"]
[Site "Plovdiv BUL"]
[Date "2010.10.23"]
[Round "7"]
[White "Javakhishvili, Lela"]
[Black "Gaponenko, Inna"]
[Result "1/2-1/2"]
[WhiteTitle "IM"]
[BlackTitle "IM"]
[WhiteElo "2451"]
[BlackElo "2469"]
[Board "4.1"]
[WhiteTeam "Samaia Tbilisi"]
[BlackTeam "BAS Beograd"]
[WhiteFideId "13601458"]
[BlackFideId "14101181"]
[EventType "team"]

1. d4 g6 2. c4 Bg7 3. Nf3 f5 4. g3 Nf6 5. Bg2 d6 6. O-O O-O 7. Nc3 e6 8. b3 Ne4
9. Bb2 Nd7 10. Rc1 Ndf6 11. e3 Nxc3 12. Rxc3 Ne4 13. Rc2 a5 14. Ne1 a4 15. b4 a3
16. Bc1 c5 17. f3 Ng5 18. Rc3 cxb4 19. Rb3 b5 20. cxb5 Ra4 21. Nc2 Bd7 22. Rxb4
Rxb4 23. Nxb4 Bxb5 24. Rf2 Qa5 25. Qb3 d5 26. Qxa3 Qxa3 27. Bxa3 Ra8 28. Bc1 Bf8
29. Rb2 Bc4 30. Bd2 1/2-1/2

[Event "15th European Club Cup Women"]
[Site "Plovdiv BUL"]
[Date "2010.10.23"]
[Round "7"]
[White "Chelushkina, Irina"]
[Black "Melia, Salome"]
[Result "0-1"]
[WhiteTitle "WGM"]
[BlackTitle "IM"]
[WhiteElo "2325"]
[BlackElo "2439"]
[Board "4.2"]
[WhiteTeam "BAS Beograd"]
[BlackTeam "Samaia Tbilisi"]
[WhiteFideId "928615"]
[BlackFideId "13602446"]
[EventType "team"]

1. e4 c5 2. Nf3 d6 3. Be2 Nf6 4. d3 g6 5. O-O Bg7 6. c3 O-O 7. a4 Nc6 8. Na3 a6
9. Nc4 b6 10. h3 d5 11. exd5 Nxd5 12. Nh2 Bb7 13. Bf3 e6 14. Qb3 Rb8 15. Rd1 Ba8
16. Ng4 h5 17. Nge3 Nf4 18. Nf1 Na5 19. Nxa5 bxa5 20. Qc4 Nxh3+ 21. gxh3 Bxf3
22. Re1 Ba8 23. Ng3 Qb6 24. Ne4 Rfc8 25. Ng5 Rd8 26. Ne4 Rdc8 27. Ng5 Qc6 28. f3
Rd8 29. Ne4 Rd5 30. Bf4 Rc8 31. Rf1 Qb6 32. Bg3 Rd7 33. d4 Bd5 34. dxc5 Qxb2 35.
Qxa6 Bb7 36. Qb5 Qxb5 37. axb5 Bxe4 38. fxe4 Rxc5 39. Rxa5 Bxc3 40. Ra8+ Kg7 41.
b6 Rg5 42. Kh2 Rd2+ 43. Bf2 Be5+ 44. Kh1 Rd3 0-1

[Event "15th European Club Cup Women"]
[Site "Plovdiv BUL"]
[Date "2010.10.23"]
[Round "7"]
[White "Khurtsidze, Nino"]
[Black "Vasilevich, Tatjana"]
[Result "1/2-1/2"]
[WhiteTitle "IM"]
[BlackTitle "IM"]
[WhiteElo "2435"]
[BlackElo "2399"]
[Board "4.3"]
[WhiteTeam "Samaia Tbilisi"]
[BlackTeam "BAS Beograd"]
[WhiteFideId "13600320"]
[BlackFideId "14101610"]
[EventType "team"]

1. d4 g6 2. c4 Bg7 3. Nf3 f5 4. g3 Nf6 5. Bg2 O-O 6. O-O d6 7. b3 e6 8. Bb2 Qe7
9. Qc2 Ne4 10. Ne1 Nf6 11. Nc3 c6 12. Nf3 e5 13. c5 dxc5 14. dxe5 Ng4 15. Na4 b6
16. Rad1 Nd7 17. e6 Nb8 18. e4 f4 1/2-1/2

[Event "15th European Club Cup Women"]
[Site "Plovdiv BUL"]
[Date "2010.10.23"]
[Round "7"]
[White "Kononenko, Tatiana"]
[Black "Khachatourian, Yerazik"]
[Result "1-0"]
[WhiteTitle "IM"]
[WhiteElo "2384"]
[BlackElo "2025"]
[Board "5.1"]
[WhiteTeam "USV Volksbank Halle"]
[BlackTeam "Oslo Schakselkap"]
[WhiteFideId "14102358"]
[BlackFideId "12501948"]
[EventType "team"]

1. d4 Nf6 2. c4 g6 3. Nc3 Bg7 4. e4 d6 5. Bg5 O-O 6. Qd2 b6 7. Bd3 c5 8. d5 Na6
9. Nge2 Nc7 10. O-O a6 11. a4 Rb8 12. f4 b5 13. axb5 axb5 14. cxb5 Bd7 15. Ra5
h6 16. Bh4 Qe8 17. Bc4 Bxb5 18. b3 Bxc4 19. bxc4 Nd7 20. Ra7 Na8 21. Nb5 Nab6
22. Qd3 g5 23. fxg5 Ne5 24. Qg3 h5 25. g6 Nxg6 26. Bxe7 Nxe7 27. Nxd6 Qd8 28. e5
Ng6 29. Nxf7 Qh4 30. Qxg6 Qxc4 1-0

[Event "15th European Club Cup Women"]
[Site "Plovdiv BUL"]
[Date "2010.10.23"]
[Round "7"]
[White "Johnsen, Sylvia"]
[Black "Belic, Jordanka"]
[Result "1/2-1/2"]
[WhiteTitle "WFM"]
[BlackTitle "WGM"]
[WhiteElo "2030"]
[BlackElo "2297"]
[Board "5.2"]
[WhiteTeam "Oslo Schakselkap"]
[BlackTeam "USV Volksbank Halle"]
[WhiteFideId "1500988"]
[BlackFideId "4617304"]
[EventType "team"]

1. e4 c5 2. Nc3 Nf6 3. g3 g6 4. Bg2 Bg7 5. Nf3 O-O 6. O-O Nc6 7. d3 d5 8. exd5
Nxd5 9. Bd2 e6 10. Rc1 b6 11. a3 Nde7 12. Bg5 h6 13. Be3 Bb7 14. Nd2 Nf5 15. Nc4
Qd7 16. Na4 Rfd8 17. b4 cxb4 18. axb4 Nxe3 19. fxe3 Ne5 20. Nxe5 Bxe5 1/2-1/2

[Event "15th European Club Cup Women"]
[Site "Plovdiv BUL"]
[Date "2010.10.23"]
[Round "7"]
[White "Len, Irina"]
[Black "Edes, Zsofia"]
[Result "1/2-1/2"]
[WhiteElo "2065"]
[BlackElo "2065"]
[Board "6.2"]
[WhiteTeam "Herzliya Chess Club"]
[BlackTeam "KSC Komarno"]
[WhiteFideId "2805715"]
[BlackFideId "14912368"]
[EventType "team"]

1. d4 d5 2. Nf3 Nf6 3. e3 Bg4 4. c4 c6 5. Qb3 Qc7 6. cxd5 cxd5 7. Nc3 e6 8. Bb5+
Nc6 9. Ne5 Rc8 10. Qa4 Qb6 11. O-O a6 12. Bxc6+ bxc6 13. e4 dxe4 14. Nxg4 Nxg4
15. Nxe4 Qb5 16. Qd1 Qf5 17. Ng3 Qg6 18. f4 Bd6 19. h3 Nf6 20. Rf3 O-O 21. f5
exf5 22. Nxf5 Nd5 23. Bd2 c5 24. Qb3 Ne7 25. Nxd6 Qxd6 26. Bc3 Nd5 27. dxc5
Qxc5+ 28. Kh1 Nxc3 29. Rxc3 Qe5 30. Rxc8 Rxc8 31. Rf1 Qe7 32. Qd5 h6 33. a3 Rd8
34. Qa5 Rd6 35. Qc3 Qd7 36. Qf3 Qe8 37. b4 Re6 38. Qd5 Re5 39. Qc4 Re6 40. Kg1
Rc6 41. Qb3 Qe7 42. Qd5 Rd6 43. Qa8+ Kh7 44. Qf3 Kg8 45. Qc3 Qe6 46. Re1 Qg6 47.
a4 Rd3 48. Qc4 Rd2 49. Re8+ Kh7 50. Qe4 f5 51. Qa8 Rxg2+ 52. Qxg2 Qxe8 53. Qf2 1/2-1/2

[Event "15th European Club Cup Women"]
[Site "Plovdiv BUL"]
[Date "2010.10.23"]
[Round "7"]
[White "Kral, Klaudia"]
[Black "Yakovleva, Tatiana"]
[Result "0-1"]
[WhiteElo "1806"]
[BlackElo "2124"]
[Board "6.3"]
[WhiteTeam "KSC Komarno"]
[BlackTeam "Herzliya Chess Club"]
[WhiteFideId "14900084"]
[BlackFideId "2802449"]
[EventType "team"]

1. e4 c6 2. d4 d5 3. e5 Bf5 4. Be3 e6 5. c3 Qb6 6. Qb3 Nd7 7. Nd2 a5 8. Be2 a4
9. Qxb6 Nxb6 10. f4 Ne7 11. Ngf3 Ng6 12. O-O Be7 13. Ne1 h5 14. Bd3 Nh4 15. Bf2
Bxd3 16. Nxd3 Nd7 17. Bxh4 Bxh4 18. f5 exf5 19. Rxf5 g6 20. Rff1 O-O 21. Nf3 Be7
22. Rae1 Nb6 23. Nd2 Kg7 24. g3 Rae8 25. Nf4 Na8 26. b3 axb3 27. axb3 Nc7 28. c4
Bb4 29. Rd1 Ra8 30. cxd5 cxd5 31. Rc1 Nb5 32. Nf3 Rfd8 33. e6 f6 34. e7 Rd6 35.
Ra1 Re8 36. Nh4 f5 37. Nfxg6 Rxg6 38. Nxg6 Kxg6 39. Ra4 Bc3 40. Rf3 Rxe7 41. Ra8
Bxd4+ 42. Kf1 Bg7 43. Rd8 d4 44. Rd5 Re5 45. Rd7 b6 46. Rf2 Bh6 47. Rc2 Rc5 48.
Re2 Be3 49. Ra2 Rc1+ 50. Kg2 Rc7 51. Rd5 Nc3 52. Rd6+ Kf7 53. Ra6 Ne4 54. Rd8
Rc2+ 55. Kf1 Rf2+ 56. Ke1 Bd2+ 57. Kd1 Nc3+ 0-1

[Event "15th European Club Cup Women"]
[Site "Plovdiv BUL"]
[Date "2010.10.23"]
[Round "7"]
[White "Lian, Marina"]
[Black "Kralova, Katarina"]
[Result "1-0"]
[WhiteElo "1865"]
[BlackElo "1861"]
[Board "6.4"]
[WhiteTeam "Herzliya Chess Club"]
[BlackTeam "KSC Komarno"]
[WhiteFideId "2809680"]
[BlackFideId "14927330"]
[EventType "team"]

1. e4 c5 2. Nc3 d6 3. f4 g6 4. Nf3 Bg7 5. Bc4 Nc6 6. O-O Nf6 7. d3 O-O 8. a3 Rb8
9. Qe1 Nd4 10. Nxd4 cxd4 11. Ne2 d5 12. exd5 Nxd5 13. Ng3 Ne3 14. Bxe3 dxe3 15.
c3 b5 16. Bb3 a5 17. d4 b4 18. axb4 axb4 19. Bd1 bxc3 20. bxc3 Bxd4 21. cxd4
Qxd4 22. Be2 Rb2 23. Qd1 Qb6 24. Rb1 Be6 25. Qd3 Rb8 26. Rxb2 Qxb2 27. Qxe3 Rb3
28. Qe5 Qxe5 29. fxe5 Re3 30. Rb1 Rxe5 31. Kf2 Kg7 32. Rb7 Bd5 33. Rb5 e6 34.
Bf3 Kf6 35. Bxd5 exd5 36. Ne2 g5 37. Nd4 Kg6 38. Nf3 Rf5 39. g4 Rf4 40. Rxd5 f6
41. Kg3 Ra4 42. h3 h5 43. Rd8 hxg4 44. hxg4 Ra3 45. Rd5 Rb3 46. Kf2 Rb2+ 47. Ke3
Rg2 48. Rd4 Kf7 49. Rb4 Kg6 50. Ne1 Rg3+ 51. Kf2 Rc3 52. Ng2 Rc2+ 53. Kf3 Rc3+
54. Ne3 Ra3 55. Rb7 Ra4 56. Nf5 Ra3+ 1-0

[Event "15th European Club Cup Women"]
[Site "Plovdiv BUL"]
[Date "2010.10.23"]
[Round "7"]
[White "Borsuk, Angela"]
[Black "Fierro Baquero, Martha L."]
[Result "0-1"]
[WhiteTitle "IM"]
[BlackTitle "IM"]
[WhiteElo "2270"]
[BlackElo "2368"]
[Board "7.1"]
[WhiteTeam "Ashdod Elite CC"]
[BlackTeam "CS Fischer Chieti"]
[WhiteFideId "2806452"]
[BlackFideId "3600270"]
[EventType "team"]

1. d4 Nf6 2. Nf3 g6 3. c4 Bg7 4. g3 O-O 5. Bg2 d6 6. O-O c6 7. Nc3 Qa5 8. e4 e5
9. h3 exd4 10. Nxd4 Qc5 11. Qd3 Nbd7 12. Nb3 Qb6 13. Rd1 a5 14. Nd2 Nc5 15. Qe2
Re8 16. Rb1 Nh5 17. Qe3 a4 18. a3 Qa7 19. g4 Nf6 20. Qg3 h5 21. g5 Nfd7 22. Re1
Nf8 0-1

[Event "15th European Club Cup Women"]
[Site "Plovdiv BUL"]
[Date "2010.10.23"]
[Round "7"]
[White "Zimina, Olga"]
[Black "Vasiliev, Olga"]
[Result "0-1"]
[WhiteTitle "IM"]
[BlackTitle "WIM"]
[WhiteElo "2334"]
[BlackElo "2293"]
[Board "7.2"]
[WhiteTeam "CS Fischer Chieti"]
[BlackTeam "Ashdod Elite CC"]
[WhiteFideId "4132190"]
[BlackFideId "2807602"]
[EventType "team"]

1. e4 c5 2. Nf3 Nc6 3. c3 Nf6 4. e5 Nd5 5. d4 cxd4 6. cxd4 e6 7. Bc4 d6 8. O-O
Be7 9. Qe2 O-O 10. Nc3 Nxc3 11. bxc3 dxe5 12. dxe5 Bd7 13. Qe4 Qa5 14. Bd3 g6
15. Bd2 Rfd8 16. Rfe1 Be8 17. Bc2 Rd7 18. h4 Rad8 19. Re2 Rxd2 20. Rxd2 Rxd2 21.
Nxd2 Qxc3 22. Rd1 Qxe5 23. Nc4 Qc5 24. Ne3 b5 25. Qf4 Qe5 26. Qxe5 Nxe5 27. g3
Bc6 28. Rc1 Ba3 29. Rd1 Kf8 30. Ng2 Ke7 31. Nf4 Bc5 32. Nd3 Nf3+ 33. Kf1 Bb6 34.
Nb4 Bb7 35. Bd3 Nh2+ 36. Kg1 Ng4 37. Rd2 a5 38. Nc2 b4 39. Bb5 Bd5 40. Ne1 Nf6
41. Bd3 Bd4 42. Ng2 Bc3 43. Rc2 Ng4 44. Ne3 Ne5 45. Nxd5+ exd5 46. Re2 Kd6 47.
Bb1 a4 48. Bc2 Nf3+ 49. Kf1 a3 50. Bd1 Nd4 51. Re3 Kc5 52. Rd3 Nc6 53. Bb3 d4
54. Ke2 f5 55. Kd1 Ne5 56. Kc2 h6 57. Rd1 Nc4 58. Kc1 0-1

[Event "15th European Club Cup Women"]
[Site "Plovdiv BUL"]
[Date "2010.10.23"]
[Round "7"]
[White "Tsifanskaya, Ludmila A"]
[Black "De Rosa, Mariagrazia"]
[Result "1/2-1/2"]
[WhiteTitle "WIM"]
[BlackTitle "WFM"]
[WhiteElo "2143"]
[BlackElo "2073"]
[Board "7.3"]
[WhiteTeam "Ashdod Elite CC"]
[BlackTeam "CS Fischer Chieti"]
[WhiteFideId "2802368"]
[BlackFideId "815136"]
[EventType "team"]

1. Nf3 c5 2. g3 d5 3. Bg2 Nc6 4. O-O e6 5. d3 Nge7 6. Nbd2 g6 7. e4 Bg7 8. c3
O-O 9. Re1 b5 10. e5 b4 11. Nb3 bxc3 12. bxc3 Qc7 13. Bf4 Na5 14. Qd2 Rb8 15.
Rab1 Ba6 16. Bg5 Bxd3 17. Qxd3 c4 18. Qc2 cxb3 19. axb3 Rfc8 20. Bf4 h6 21. h4
Rb7 22. Bf1 1/2-1/2

[Event "15th European Club Cup Women"]
[Site "Plovdiv BUL"]
[Date "2010.10.23"]
[Round "7"]
[White "Di Primio, Eugenia"]
[Black "Dotan, Valeria"]
[Result "0-1"]
[BlackTitle "WFM"]
[WhiteElo "1984"]
[BlackElo "2104"]
[Board "7.4"]
[WhiteTeam "CS Fischer Chieti"]
[BlackTeam "Ashdod Elite CC"]
[WhiteFideId "821942"]
[BlackFideId "2803607"]
[EventType "team"]

1. e4 c5 2. Nc3 d6 3. f4 Nc6 4. Nf3 e6 5. g3 Bd7 6. Bg2 a6 7. O-O b5 8. Ne2 Nf6
9. d3 Be7 10. h3 O-O 11. g4 Qc7 12. f5 Rfc8 13. Nf4 Ne5 14. g5 Ne8 15. Nxe5 dxe5
16. Nh5 Bf8 17. Qg4 exf5 18. exf5 Bc6 19. Be4 Bxe4 20. dxe4 c4 21. Be3 Bc5 22.
Bxc5 Qxc5+ 23. Kh2 Rd8 24. Nf6+ Nxf6 25. gxf6 Rd2+ 26. Kh1 Qf8 27. fxg7 Qxg7 28.
Qf3 Qh6 29. Rg1+ Kh8 30. Qc3 Rd3 31. Qxe5+ f6 32. Rg6 Rxh3+ 33. Kg2 fxe5 0-1